| 000 -LEADER |
| fixed length control field |
02477cam a22004337i 4500 |
| 001 - CONTROL NUMBER |
| control field |
19182176 |
| 003 - CONTROL NUMBER IDENTIFIER |
| control field |
NUST |
| 005 - DATE AND TIME OF LATEST TRANSACTION |
| control field |
20190718060233.0 |
| 008 - FIXED-LENGTH DATA ELEMENTS--GENERAL INFORMATION |
| fixed length control field |
160719s2017 maua 001 0 eng |
| 010 ## - LIBRARY OF CONGRESS CONTROL NUMBER |
| LC control number |
2016427406 |
| 020 ## - INTERNATIONAL STANDARD BOOK NUMBER |
| International Standard Book Number |
9780134448237 (pbk) |
| 020 ## - INTERNATIONAL STANDARD BOOK NUMBER |
| International Standard Book Number |
0134448235 (pbk) |
| 024 3# - OTHER STANDARD IDENTIFIER |
| Standard number or code |
9780134448237 |
| 035 ## - SYSTEM CONTROL NUMBER |
| System control number |
(OCoLC)ocn949688928 |
| 038 ## - RECORD CONTENT LICENSOR |
| Staff Name |
Arshad |
| 040 ## - CATALOGING SOURCE |
| Original cataloging agency |
TAMCT |
| Language of cataloging |
eng |
| Transcribing agency |
TAMCT |
| Description conventions |
rda |
| Modifying agency |
SZR |
| -- |
OCLCF |
| -- |
DEBSZ |
| -- |
DLC |
| 042 ## - AUTHENTICATION CODE |
| Authentication code |
lccopycat |
| 050 00 - LIBRARY OF CONGRESS CALL NUMBER |
| Classification number |
QA 76.73 .C153 |
| Item number |
D45 2017 |
| 082 00 - DEWEY DECIMAL CLASSIFICATION NUMBER |
| Classification number |
005.13/3 |
| Author Mark |
DEI |
| 100 1# - MAIN ENTRY--PERSONAL NAME |
| Personal name |
Deitel, Paul J. |
| 9 (RLIN) |
14019 |
| 245 10 - TITLE STATEMENT |
| Title |
C++ how to program / |
| Statement of responsibility, etc. |
Paul Deitel, Deitel & Associates, Inc., Harvey Deitel, Deitel & Associates, Inc. |
| 250 ## - EDITION STATEMENT |
| Edition statement |
Tenth edition. |
| 264 #1 - PRODUCTION, PUBLICATION, DISTRIBUTION, MANUFACTURE, AND COPYRIGHT NOTICE |
| Place of production, publication, distribution, manufacture |
Boston : |
| Name of producer, publisher, distributor, manufacturer |
Pearson, |
| Date of production, publication, distribution, manufacture, or copyright notice |
[2017] |
| 264 #3 - PRODUCTION, PUBLICATION, DISTRIBUTION, MANUFACTURE, AND COPYRIGHT NOTICE |
| Date of production, publication, distribution, manufacture, or copyright notice |
2017. |
| 300 ## - PHYSICAL DESCRIPTION |
| Extent |
xl, 1034 pages : |
| Other physical details |
illustrations ; |
| Dimensions |
24 cm. |
| 336 ## - CONTENT TYPE |
| Content type term |
text |
| Content type code |
txt |
| Source |
rdacontent |
| 337 ## - MEDIA TYPE |
| Media type term |
unmediated |
| Media type code |
n |
| Source |
rdamedia |
| 338 ## - CARRIER TYPE |
| Carrier type term |
volume |
| Carrier type code |
nc |
| Source |
rdacarrier |
| 500 ## - GENERAL NOTE |
| General note |
"Introducing the new C++14 Standard" -- title page. |
| 500 ## - GENERAL NOTE |
| General note |
Includes index. |
| 505 0# - FORMATTED CONTENTS NOTE |
| Formatted contents note |
Introduction to computers and C++ -- Introduction to C++ programming, input/output and operators -- Introduction to classes, objects, member functions and string s-- Algorithm development and control statements: part I -- Control statements, part 2; logical operators -- Functions and an introduction to recursion -- Class templates array and vector; catching exceptions -- Pointers -- Classes: a deeper look -- Operator overloading; Class string -- Object-oriented programming: inheritance -- Object-oriented programming: polymorphism -- Stream input/output: a deeper look -- File processing -- Standard library containers and ilerators -- Standard library algorithms -- Exception handling: a deeper look -- Introduction to custom templates -- Custom templatized data structures -- Searching and sorting -- Class string and string stream processing: a deeper look -- Bits, characters, C strings and structs -- Operator precedence and associativity -- ASCII character set -- Fundamental types -- Number systems -- Preprocessor. |
| 650 #0 - SUBJECT ADDED ENTRY--TOPICAL TERM |
| Topical term or geographic name entry element |
C++ (Computer program language) |
| 9 (RLIN) |
1810 |
| 650 #7 - SUBJECT ADDED ENTRY--TOPICAL TERM |
| Topical term or geographic name entry element |
C++ (Computer program language) |
| Source of heading or term |
fast |
| Authority record control number or standard number |
(OCoLC)fst00843286 |
| 9 (RLIN) |
1810 |
| 700 1# - ADDED ENTRY--PERSONAL NAME |
| Personal name |
Deitel, Harvey M., |
| Dates associated with a name |
1945- |
| 9 (RLIN) |
17972 |
| 830 #0 - SERIES ADDED ENTRY--UNIFORM TITLE |
| Uniform title |
How to program series. |
| 9 (RLIN) |
17973 |
| 906 ## - LOCAL DATA ELEMENT F, LDF (RLIN) |
| a |
7 |
| b |
cbc |
| c |
copycat |
| d |
2 |
| e |
ncip |
| f |
20 |
| g |
y-gencatlg |
| 942 ## - ADDED ENTRY ELEMENTS (KOHA) |
| Source of classification or shelving scheme |
|
| Koha item type |
Book |